Algunas precisiones sobre el concepto de población flotante en el ámbito del trabajo (Registro nro. 36027)

Detalles MARC
000 -LEADER
fixed length control field 00353 a2200109 4500
001 - CONTROL NUMBER
control field ART_46174
005 - DATE AND TIME OF LATEST TRANSACTION
control field 20260410162053.0
008 - FIXED-LENGTH DATA ELEMENTS--GENERAL INFORMATION
fixed length control field 260409a
100 1# - MAIN ENTRY--PERSONAL NAME
Personal name Panaia, Marta
245 10 - TITLE STATEMENT
Title Algunas precisiones sobre el concepto de población flotante en el ámbito del trabajo
773 0# - HOST ITEM ENTRY
Title Pampa
Related parts - Año 6, Nº 6 (nov. 2010)
Record control number REV46129

No hay ítems disponibles.